000 00660nam a2200217Ia 4500
005 20250508163820.0
008 008 250505s9999 xx 000 0 eng d
020 _a0-8039-6660-1
037 _aReference
040 _aFEDL
_beng
_cFEDL
041 _aeng
_2eng
084 _a371.2, SIG
_qFEDL
100 _aSigford Jane L.
_9776437
245 0 _aWho said school administration would be fun? : Coping with a new emotional and social realitly
260 _aCalifornia, USA
_bCorwin Press
_c1998
300 _aviii,87p.
365 _aUSD
_b18.95
650 _aSchool administration
942 _cREF
_h371.2, SIG
999 _c1385419
_d1385419